| 000 | 01508nam a2200277 u 4500 | ||
|---|---|---|---|
| 001 | 000579331 | ||
| 003 | AM-YeHGA | ||
| 005 | 20250618073419.0 | ||
| 008 | 080430s2008 ai r 000 0 arm d | ||
| 020 | _a9789939550251 | ||
| 020 | _a978-9939-55-026-8 | ||
| 040 | _aAM-YeHGA | ||
| 100 | 1 |
_aԲունիաթյան, Վահե Վազգենի, _d1947- _99518 |
|
| 245 | 1 | 0 |
_aՆանոէլեկտրոնային սարքեր : _bՆերբուհական դասագիրք / _cՎ.Վ. Բունիաթյան, Մ.Գ. Տրավաջյան; ՀՀ կրթ. և գիտ. նախ., ՀՊՃՀ. |
| 260 |
_aԵրևան : _bՃարտարագետ, _c2008-. |
||
| 300 | _aմ. | ||
| 500 | _aՆվիրվում է ՀՊՃՀ (Պոլիտեխնիկ) 75-ամյակին | ||
| 505 | 1 | 0 |
_gՄ. 1 (2008, 248 էջ) _gՄ. 2 (2008, 236 էջ, օգտ. գրակ.՝ 46 անուն) _gՄ. 3 (2008,236 էջ, մատենագիտ.՝ էջ 232-234) |
| 530 |
_aէլեկտրոնային պաշարը հասանելի է ՀՊՃՀ-ի գրադարանի էլեկտրոնային ընթերցասրահում : Մ. 1 : _uhttp://libsrv.seua.am/chair_publications/1188E.pdf |
||
| 530 |
_aՄ. 2 : _uhttp://libsrv.seua.am/chair_publications/1189E.pdf |
||
| 650 | 1 | 4 | _aՆանոէլեկտրոնիկա |
| 700 | 1 | _aՏրավաջյան, Մ.Գ. | |
| 710 | 2 |
_aՀՀ կրթության և գիտության նախարարություն _98625 |
|
| 710 | 2 | _aՀայաստանի պետական ճարտարագիտական համալսարան (Պոլիտեխնիկ). | |
| 090 | _c234547 | ||
| 999 |
_c232990 _d232990 |
||